Україна в геополітичному просторі третього тисячоліття (Запис № 339518)

МАРК-запис
000 -Лідер
fixed length control field 00775nam a22002537a 4500
001 - Контрольний номер
control field 53430
003 - Ідентифікатор контрольного номера
control field UA-OsUOA
005 - Дата та час останнього входження (трансакції)
control field 20220826151447.0
007 - Фіксоване поле фізичного опису
fixed length control field ta
008 - Елементи даних фіксованої довжини – загальна інформація
fixed length control field 20080402b un ||||| |||| 00| 0 ukr d
020 ## - Міжнародний стандартний книжковий номер (ISBN)
Міжнародний стандартний книжковий номер (ISBN) (НП) 9789668767692
040 ## - Джерело каталогізації
Агенція оригінальної каталогізації UA-OsUOA
Мова каталогізації ukr
Агенція, яка здійснювала перезапис UA-OsUOA
Агенція, яка здійснювала модифікацію UA-OsUOA
041 ## - Код мови
Код мови тексту/ звукової доріжки чи окремого заголовка (П) ukr
080 ## - Індекс Універсальної десяткової класифікації
Індекс Універсальної десяткової класифікації (УДК) (НП) 323(477)
090 ## - Локальний шифр розміщення
Класифікаційний індекс УДК 323(477)
Авторський знак (НП) С40
100 ## - Основне введення – ім’я особи
Ім’я особи (НП) Сирота М.
245 ## - Відомості про назву
Назва (НП) Україна в геополітичному просторі третього тисячоліття
Дані про відповідальність (НП) Михайло Сирота
260 ## - Публікація, розповсюдження і т.п. (Вихідні дані)
Місце публікації, розповсюдження і т.п. (П) К.
Ім’я/ наймення видавництва, розповсюджувача і т.п. (П) Пульсари
Дата публікації, розповсюдження і т.п. (П) 2007
300 ## - Фізичний опис
Обсяг 213 с.
Інші фізичні характеристики (НП) портр.
650 #7 - Додаткове предметне введення – тематичний термін
Тематичний термін чи географічна назва, як елемент введення (НП) 32 Політика
Джерело заголовка чи терміна UDC
942 ## - Додаткові елементи входу (Коха)
Тип елемента Koha Книги
Source of classification or shelving scheme Universal Decimal Classification
955 ## - Код типу видання за змістом
Код типу видання за змістом (НП) Навчальні видання
Фонди
Стан вилучень Стан втрат Джерело класифікації або схеми стелажів Стан уражень Не для кредиту Постійне місце розташування Поточне розміщення Дата придбання Джерело придбання Вартість, звичайна ціна покупки Інвентарний номер Усього замовленно Повний номер виклику Штрих-код Дата останнього перегляду Дата останньої перевірки Ціна ефективна від Тип елемента Koha Код колекції Примітка, призначена для загального доступу
    Universal Decimal Classification     АБ - Абонемент НБ АБ - Абонемент НБ 02/04/2008 34/2008 10.00 112799   323(477) С40 112799 26/11/2021   02/04/2008 Книги    
    Universal Decimal Classification     АБ - Абонемент НБ АБ - Абонемент НБ 02/04/2008 34/2008 10.00 112800   323(477) С40 112800 26/11/2021   02/04/2008 Книги    
    Universal Decimal Classification     АБ - Абонемент НБ АБ - Абонемент НБ 02/04/2008 34/2008 10.00 112801   323(477) С40 112801 26/11/2021   02/04/2008 Книги    
    Universal Decimal Classification     АБ - Абонемент НБ АБ - Абонемент НБ 02/04/2008 34/2008 10.00 112802   323(477) С40 112802 26/11/2021   02/04/2008 Книги    
    Universal Decimal Classification     АБ - Абонемент НБ АБ - Абонемент НБ 02/04/2008 34/2008 10.00 112803   323(477) С40 112803 26/11/2021   02/04/2008 Книги    
    Universal Decimal Classification     АБ - Абонемент НБ АБ - Абонемент НБ 13/08/2008 101/2008 10.00 114341   323(477) С40 114341 26/11/2021   02/04/2008 Книги    
    Universal Decimal Classification     АБ - Абонемент НБ АБ - Абонемент НБ 23/02/2010 12/2010 17.00 126634   323(477) С40 126634 26/11/2021   02/04/2008 Книги    
    Universal Decimal Classification     ЧЗ - Читальна зала ЧЗ - Читальна зала 02/04/2008 34/2008 10.00 112794 1 323(477) С40 112794 04/04/2024 09/08/2023 02/04/2008 Книги    
    Universal Decimal Classification     ЧЗ - Читальна зала ЧЗ - Читальна зала 02/04/2008 34/2008 10.00 112795   323(477) С40 112795 09/12/2021   02/04/2008 Книги    
    Universal Decimal Classification     ЧЗ - Читальна зала ЧЗ - Читальна зала 02/04/2008 34/2008 10.00 112796   323(477) С40 112796 07/02/2022   02/04/2008 Книги    
    Universal Decimal Classification     ЧЗ - Читальна зала ЧЗ - Читальна зала 02/04/2008 34/2008 10.00 112797   323(477) С40 112797 09/12/2021   02/04/2008 Книги    
    Universal Decimal Classification     ЧЗ - Читальна зала ЧЗ - Читальна зала 02/04/2008 34/2008 10.00 112798   323(477) С40 112798 07/02/2022   02/04/2008 Книги    
    Universal Decimal Classification     ЧЗ - Читальна зала ЧЗ - Читальна зала 04/11/2008 146/2008 12.00 116700   323(477) С40 116700 07/02/2022   04/11/2008 Книги Колекція Пасічника І.Д. з автографом М. Сироти